Fiber Science Textile Engineering (Record no. 7095)

MARC details
000 -LEADER
fixed length control field 00309nam a2200121Ia 4500
008 - FIXED-LENGTH DATA ELEMENTS--GENERAL INFORMATION
fixed length control field 191201s2019 xx 000 0 und d
100 ## - MAIN ENTRY--PERSONAL NAME
Personal name Engineers Academy
245 #0 - TITLE STATEMENT
Title Fiber Science Textile Engineering
260 ## - PUBLICATION, DISTRIBUTION, ETC. (IMPRINT)
Name of publisher, distributor, etc Engineers Academy Pub
Date of publication, distribution, etc 2019
300 ## - PHYSICAL DESCRIPTION
Extent 158
650 ## - SUBJECT ADDED ENTRY--TOPICAL TERM
Topical term or geographic name as entry element B.Tech(TE)
942 ## - ADDED ENTRY ELEMENTS (KOHA)
Source of classification or shelving scheme Dewey Decimal Classification
Koha item type Text Books
942 ## - ADDED ENTRY ELEMENTS (KOHA)
-- 12
Holdings
Withdrawn status Lost status Source of classification or shelving scheme Damaged status Not for loan Collection code Home library Current library Date acquired Source of acquisition Cost, normal purchase price Bill Number Total Checkouts Full call number Acc. no. / Barcode Date last seen Date last borrowed Actual Cost, discounted price Bill Date Koha item type Checked out
    Dewey Decimal Classification     B.Tech(TE) PIET C-LIBRARY PIET C-LIBRARY 21/07/2020 Engineers Academy Pub 170.00 EA/1945 6 677.02832 ENF 31439 14/11/2025 03/11/2025 170.00 03/09/2019 Text Books  
    Dewey Decimal Classification     B.Tech(TE) PIET C-LIBRARY PIET C-LIBRARY 21/07/2020 Engineers Academy Pub 170.00 EA/1945   677.02832 ENF 31440 04/12/2019   170.00 03/09/2019 Text Books  
    Dewey Decimal Classification     B.Tech(TE) PIET C-LIBRARY PIET C-LIBRARY 21/07/2020 Engineers Academy Pub 170.00 EA/1945 10 677.02832 ENF 31441 22/09/2025 09/09/2025 170.00 03/09/2019 Text Books  
    Dewey Decimal Classification     B.Tech(TE) PIET C-LIBRARY PIET C-LIBRARY 21/07/2020 Engineers Academy Pub 170.00 EA/1945 5 677.02832 ENF 31442 25/09/2024 23/09/2024 170.00 03/09/2019 Text Books  
    Dewey Decimal Classification     B.Tech(TE) PIET C-LIBRARY PIET C-LIBRARY 21/07/2020 Engineers Academy Pub 170.00 EA/1945 5 677.02832 ENF 31443 07/12/2022 07/12/2022 170.00 03/09/2019 Text Books 21/12/2022

Design & Developed by: PIET Central Library
R70 Miles Stone Pattikalyana Samalkha Panipat 132102
mail ID :- [email protected], Phone No:- 0180-2569700 Ex.216